ბათუმის შოთა რუსთაველის სახელმწიფო უნივერსიტეტის ბიბლიოთეკა

Предпринимательское право : (ბიბ.ჩანაწერი № 36137)

000 -LEADER
fixed length control field 00911nam a2200229Ia 4500
001 - CONTROL NUMBER
control field 2037
003 - CONTROL NUMBER IDENTIFIER
control field GE_BSU
005 - DATE AND TIME OF LATEST TRANSACTION
control field 20221007111127.0
008 - FIXED-LENGTH DATA ELEMENTS--GENERAL INFORMATION
fixed length control field 181216s2007ru xx |||||||||||||| ||rus||
040 ## - CATALOGING SOURCE
Transcribing agency GE_BSU
041 ## - LANGUAGE CODE
Language code of text/sound track or separate title rus
080 ## - UNIVERSAL DECIMAL CLASSIFICATION NUMBER
Universal Decimal Classification number 346(075.8) Ж-72
100 ## - MAIN ENTRY--PERSONAL NAME
Personal name Жилинский,С.Э.
9 (RLIN) 15127
245 ## - TITLE STATEMENT
Title Предпринимательское право :
Remainder of title Правовая основа предпринимательской деятельности /
Statement of responsibility, etc. С.Э. Жилинский.
250 ## - EDITION STATEMENT
Edition statement 8-е изд. доп. и перераб.
264 ## - PRODUCTION, PUBLICATION, DISTRIBUTION, MANUFACTURE, AND COPYRIGHT NOTICE
Place of production, publication, distribution, manufacture Москва :
Name of producer, publisher, distributor, manufacturer Норма,
Date of production, publication, distribution, manufacture, or copyright notice 2007.
300 ## - PHYSICAL DESCRIPTION
Extent 941стр.:
653 ## - INDEX TERM--UNCONTROLLED
keyword Предпринимательское право
653 ## - INDEX TERM--UNCONTROLLED
keyword სამეწარმეო საქმიანობის სამართლებრივი საფუძველი
653 ## - INDEX TERM--UNCONTROLLED
keyword სამართალი
942 ## - ADDED ENTRY ELEMENTS (KOHA)
Koha item type წიგნი
Source of classification or shelving scheme
ეგზემპლარები
Withdrawn status Lost status Source of classification or shelving scheme Damaged status Not for loan Permanent Location Current Location Shelving location Date acquired Cost, normal purchase price Full call number Barcode Date last seen Copy number Price effective from Koha item type Public note
          ბათუმის შოთა რუსთაველის სახელმწიფო უნივერსიტეტის მთავარი ბიბლიოთეკა ბათუმის შოთა რუსთაველის სახელმწიფო უნივერსიტეტის მთავარი ბიბლიოთეკა წიგნსაცავი 2018-12-17 30.00 346(075.8) Ж-72 3882 2018-12-17 3882 2018-12-17 წიგნი 30.00